00686nam a2200193 a 450000500170000000800410001702000180005805000170007610000340009324500560012726000490018330000070023244000280023950000420026765000320030965000210034199900190036295201110038120140412111412.0070215s19uu xx 00 eng d a983-3004-47-4 aERbGo1 2005 aRathakrishnam, Devi Sudarsani aGo away! Get lost! /cDevi Sudarsani Rathakrishnam. aMalaysia :bFuture text publications,c2005. a22 aIsland glades mysteries aProverb-Love your neihbor as yourself aValues- Juvenile literature aChildren stories c105713d105713 00104050aELbELcERd2007-02-15eLib. Fundl0oER Go1 2005pE10555r2014-04-12 00:00:00w2014-04-12yBK